Cuentos de mujeres por mujeres / (Registro nro. 11173)

Detalles MARC
000 -LIDER
fixed length control field 01111nam a22003497a 4500
001 - NÚMERO DE CONTROL
Identificador de número de control 001159
003 - IDENTIFICACDOR DE NÚMERO DE CONTROL
control field DO-SdBNP
005 - DATE AND TIME OF LATEST TRANSACTION
control field 20171120110941.0
007 - CAMPOS FIJOS DE DESCRIPCIÓN FÍSICA
fixed length control field 001159
008 - ELEMENTOS DE LONGITUD FIJA
fixed length control field 160818b 2003 ag 00| 0 spa d
020 ## - ISBN
International Standard Book Number 9875503371
040 ## - FUENTE DE CATALOGACIÓN
Agencia que crea de manera original el registro BPMSU
Idioma de catalogación spa
Agencia que realiza la transcripción BPMSU
082 #4 - NÚMERO DE CLASIFICACIÓN DECIMAL DE DEWEY
Classification number 823.8
Item number C965m
092 ## - LOCALLY ASSIGNED DEWEY DECIMAL CALL NUMBER
Número de clasificación
Número de ítem (Cutter)
245 ## - MENCIÓN DE TITULO
Título Cuentos de mujeres por mujeres /
Mención de responsabilidad Katherine Mansfield ...[et al.]. ; traducción y prólogo Ramón D. ATarruella
260 ## - PUBLICACIÓN, DISTRIBUCIÓN, ETC. (PIE DE IMPRENTA)
Lugar de publicación, distribución, etc Buenos Aires :
Nombre del editor, distribuidor, etc. Longseller,
Fecha de publicación, distribución, etc 2003.
300 ## - DESCRIPCIÓN FÍSICA
Extensión 303 p. :
Dimensiones 18 cm.
490 1# - MENCIÓN DE SERIES
Mención de serie Clásicos de siempre
-- Cuentos,
Volume/sequential designation 3
500 ## - NOTA GENERAL
Nota general la biblioteca posee la reimpresión 2005
650 ## - ENCABEZAMIENTO DE MATERIA--TEMÁTICO
Término temático o nombre geográfico como elemento de entrada CUENTOS INGLESES
Subdivisión de forma COLECCIONES
650 ## - ENCABEZAMIENTO DE MATERIA--TEMÁTICO
Término temático o nombre geográfico como elemento de entrada MUJERES EN LA LITERATURA
650 ## - ENCABEZAMIENTO DE MATERIA--TEMÁTICO
Término temático o nombre geográfico como elemento de entrada FEMINISTAS
Subdivisión de forma CUENTOS
650 ## - ENCABEZAMIENTO DE MATERIA--TEMÁTICO
Término temático o nombre geográfico como elemento de entrada LITERATURA INGLESA
650 ## - ENCABEZAMIENTO DE MATERIA--TEMÁTICO
Término temático o nombre geográfico como elemento de entrada VIDA COTIDIANA
Subdivisión de forma CUENTOS
700 1# - ASIENTO SECUNDARIO -- NOMBRE PERSONAL
Nombre personal Tarruella, Ramón,
Mención de responsabilidad traductor
700 1# - ASIENTO SECUNDARIO -- NOMBRE PERSONAL
Nombre personal Mansfield, Katherine
830 #0 - ASIENTO SECUNDARIO DE SERIE--TÍTULO UNIFORME
Título uniforme Clásicos de siempre,
Nombre de la parte o sección de una obra cuentos
Volume number/sequential designation 3
942 ## - ADDED ENTRY ELEMENTS (KOHA)
Source of classification or shelving scheme Dewey Decimal Classification
Koha item type Libros
945 ## - INFORMACIÓN DE PROCESAMIENTO LOCAL
Información de procesamiento local Inventariado, 2017/MFF
956 ## - LOCAL ELECTRONIC LOCATION AND ACCESS (OCLC)
Nombre de host BTAVÁREZ
Número de acceso 10
Información de compresión 20160818
Trayectoria 001159
956 ## - LOCAL ELECTRONIC LOCATION AND ACCESS (OCLC)
Nombre de host VMATEO
Número de acceso 10
Información de compresión 20160903
Trayectoria 0069
Existencias
Withdrawn status Lost status Source of classification or shelving scheme Damaged status Not for loan Collection code Home library Current library Date acquired Source of acquisition Total Checkouts Full call number Barcode Date last seen Price effective from Koha item type Copy number
    Dewey Decimal Classification     Colección General Biblioteca Pública Metropolitana Salomé Ureña Biblioteca Pública Metropolitana Salomé Ureña 08/18/2016 Compra   823.8 C965m BPMSU16080203 08/18/2016 08/18/2016 Libros  
    Dewey Decimal Classification     Colección General Biblioteca Pública Metropolitana Salomé Ureña Biblioteca Pública Metropolitana Salomé Ureña 08/18/2016 Compra   823.8 C965m BPMSU16080204 08/18/2016 08/18/2016 Libros e. 2